00357nam a22001217a 4500008004100000020001500041050002500056100002000081245002200101260005400123300002600177500003200203170303b xxu||||| |||| 00| 0 eng d a1308135718 aLB 2343.32 .K37 2014 aKarnavas, Toula aStudent Success / aUnited States of America :bMcGraw Hill ,c2014 . axxxv, 219p. :bill. ; aincludes glossary and index